<?xml version="1.0" encoding="UTF-8"?>
<record
    xmlns:xsi="http://www.w3.org/2001/XMLSchema-instance"
    xsi:schemaLocation="http://www.loc.gov/MARC21/slim http://www.loc.gov/standards/marcxml/schema/MARC21slim.xsd"
    xmlns="http://www.loc.gov/MARC21/slim">

  <leader>00408nam a22001697a 4500</leader>
  <datafield tag="020" ind1=" " ind2=" ">
    <subfield code="a">9789552312021</subfield>
  </datafield>
  <datafield tag="082" ind1=" " ind2=" ">
    <subfield code="a">547 GUN</subfield>
  </datafield>
  <datafield tag="100" ind1=" " ind2=" ">
    <subfield code="a">Gunaherath,G.M.K.B</subfield>
  </datafield>
  <datafield tag="245" ind1=" " ind2=" ">
    <subfield code="a">Stereochemistry-Unit 1</subfield>
  </datafield>
  <datafield tag="260" ind1=" " ind2=" ">
    <subfield code="a">Colombo</subfield>
    <subfield code="b">Open University</subfield>
    <subfield code="c">2010</subfield>
  </datafield>
  <datafield tag="300" ind1=" " ind2=" ">
    <subfield code="a">156p</subfield>
  </datafield>
  <datafield tag="490" ind1=" " ind2=" ">
    <subfield code="a">Organic chemistry-1 CMU2221</subfield>
  </datafield>
  <datafield tag="505" ind1=" " ind2=" ">
    <subfield code="a">Bachelor Science :Level 4</subfield>
  </datafield>
  <datafield tag="650" ind1=" " ind2=" ">
    <subfield code="a">Organic, chemistry</subfield>
  </datafield>
  <datafield tag="650" ind1=" " ind2=" ">
    <subfield code="a">OUSL</subfield>
  </datafield>
  <datafield tag="942" ind1=" " ind2=" ">
    <subfield code="c">BK</subfield>
  </datafield>
  <datafield tag="999" ind1=" " ind2=" ">
    <subfield code="c">417</subfield>
    <subfield code="d">417</subfield>
  </datafield>
  <datafield tag="952" ind1=" " ind2=" ">
    <subfield code="0">0</subfield>
    <subfield code="1">0</subfield>
    <subfield code="7">0</subfield>
    <subfield code="8">NFIC</subfield>
    <subfield code="a">MLCampus</subfield>
    <subfield code="b">MLCampus</subfield>
    <subfield code="c">GEN</subfield>
    <subfield code="d">2015-03-07</subfield>
    <subfield code="g">160.00</subfield>
    <subfield code="l">0</subfield>
    <subfield code="o">547 GUN</subfield>
    <subfield code="p">006086</subfield>
    <subfield code="r">2018-07-09 00:00:00</subfield>
    <subfield code="y">REF</subfield>
  </datafield>
  <datafield tag="952" ind1=" " ind2=" ">
    <subfield code="0">0</subfield>
    <subfield code="1">0</subfield>
    <subfield code="7">0</subfield>
    <subfield code="8">NFIC</subfield>
    <subfield code="a">MLCampus</subfield>
    <subfield code="b">MLCampus</subfield>
    <subfield code="c">GEN</subfield>
    <subfield code="d">2015-03-07</subfield>
    <subfield code="g">160.00</subfield>
    <subfield code="l">23</subfield>
    <subfield code="m">1</subfield>
    <subfield code="o">547 GUN</subfield>
    <subfield code="p">006098</subfield>
    <subfield code="r">2025-11-16 15:59:52</subfield>
    <subfield code="s">2025-11-05</subfield>
    <subfield code="y">BK</subfield>
  </datafield>
  <datafield tag="952" ind1=" " ind2=" ">
    <subfield code="0">0</subfield>
    <subfield code="1">0</subfield>
    <subfield code="7">0</subfield>
    <subfield code="8">NFIC</subfield>
    <subfield code="a">MLCampus</subfield>
    <subfield code="b">MLCampus</subfield>
    <subfield code="c">GEN</subfield>
    <subfield code="d">2015-03-10</subfield>
    <subfield code="g">160.00</subfield>
    <subfield code="l">35</subfield>
    <subfield code="m">2</subfield>
    <subfield code="o">547 GUN</subfield>
    <subfield code="p">006096</subfield>
    <subfield code="r">2025-10-07 10:22:01</subfield>
    <subfield code="s">2025-09-22</subfield>
    <subfield code="w">2015-03-10</subfield>
    <subfield code="y">BK</subfield>
  </datafield>
  <datafield tag="952" ind1=" " ind2=" ">
    <subfield code="0">0</subfield>
    <subfield code="1">0</subfield>
    <subfield code="7">0</subfield>
    <subfield code="8">NFIC</subfield>
    <subfield code="a">MLCampus</subfield>
    <subfield code="b">MLCampus</subfield>
    <subfield code="c">GEN</subfield>
    <subfield code="d">2015-03-10</subfield>
    <subfield code="g">160.00</subfield>
    <subfield code="l">37</subfield>
    <subfield code="m">6</subfield>
    <subfield code="o">547 GUN</subfield>
    <subfield code="p">006099</subfield>
    <subfield code="r">2025-11-14 08:58:01</subfield>
    <subfield code="s">2025-10-28</subfield>
    <subfield code="w">2015-03-10</subfield>
    <subfield code="y">BK</subfield>
  </datafield>
  <datafield tag="952" ind1=" " ind2=" ">
    <subfield code="0">0</subfield>
    <subfield code="1">0</subfield>
    <subfield code="7">0</subfield>
    <subfield code="8">NFIC</subfield>
    <subfield code="a">MLCampus</subfield>
    <subfield code="b">MLCampus</subfield>
    <subfield code="c">GEN</subfield>
    <subfield code="d">2015-03-11</subfield>
    <subfield code="g">160.00</subfield>
    <subfield code="l">37</subfield>
    <subfield code="m">5</subfield>
    <subfield code="o">547 GUN</subfield>
    <subfield code="p">006097</subfield>
    <subfield code="r">2025-12-14 12:15:20</subfield>
    <subfield code="s">2025-11-09</subfield>
    <subfield code="w">2015-03-11</subfield>
    <subfield code="y">BK</subfield>
  </datafield>
  <datafield tag="952" ind1=" " ind2=" ">
    <subfield code="0">0</subfield>
    <subfield code="1">0</subfield>
    <subfield code="7">0</subfield>
    <subfield code="8">NFIC</subfield>
    <subfield code="a">MLCampus</subfield>
    <subfield code="b">MLCampus</subfield>
    <subfield code="c">GEN</subfield>
    <subfield code="d">2015-03-11</subfield>
    <subfield code="g">160.00</subfield>
    <subfield code="l">29</subfield>
    <subfield code="m">4</subfield>
    <subfield code="o">547 GUN</subfield>
    <subfield code="p">006100</subfield>
    <subfield code="r">2025-11-15 12:15:00</subfield>
    <subfield code="s">2025-10-28</subfield>
    <subfield code="w">2015-03-11</subfield>
    <subfield code="y">BK</subfield>
  </datafield>
  <datafield tag="952" ind1=" " ind2=" ">
    <subfield code="0">0</subfield>
    <subfield code="1">0</subfield>
    <subfield code="7">0</subfield>
    <subfield code="8">NFIC</subfield>
    <subfield code="a">IC</subfield>
    <subfield code="b">IC</subfield>
    <subfield code="c">GEN</subfield>
    <subfield code="d">2015-03-11</subfield>
    <subfield code="g">160.00</subfield>
    <subfield code="l">29</subfield>
    <subfield code="m">5</subfield>
    <subfield code="o">547 GUN</subfield>
    <subfield code="p">006095</subfield>
    <subfield code="r">2025-10-20 14:36:44</subfield>
    <subfield code="s">2025-10-06</subfield>
    <subfield code="w">2015-03-11</subfield>
    <subfield code="y">BK</subfield>
  </datafield>
  <datafield tag="952" ind1=" " ind2=" ">
    <subfield code="0">0</subfield>
    <subfield code="1">0</subfield>
    <subfield code="7">0</subfield>
    <subfield code="8">NFIC</subfield>
    <subfield code="a">MLCampus</subfield>
    <subfield code="b">IC</subfield>
    <subfield code="c">GEN</subfield>
    <subfield code="d">2015-04-27</subfield>
    <subfield code="g">160.00</subfield>
    <subfield code="l">34</subfield>
    <subfield code="m">3</subfield>
    <subfield code="o">547 GUN</subfield>
    <subfield code="p">006092</subfield>
    <subfield code="r">2026-03-17 12:07:18</subfield>
    <subfield code="s">2026-03-08</subfield>
    <subfield code="w">2015-04-27</subfield>
    <subfield code="y">BK</subfield>
  </datafield>
  <datafield tag="952" ind1=" " ind2=" ">
    <subfield code="0">0</subfield>
    <subfield code="1">0</subfield>
    <subfield code="7">0</subfield>
    <subfield code="8">NFIC</subfield>
    <subfield code="a">MLCampus</subfield>
    <subfield code="b">MLCampus</subfield>
    <subfield code="c">GEN</subfield>
    <subfield code="d">2015-04-27</subfield>
    <subfield code="g">160.00</subfield>
    <subfield code="l">43</subfield>
    <subfield code="m">4</subfield>
    <subfield code="o">547 GUN</subfield>
    <subfield code="p">006093</subfield>
    <subfield code="r">2025-12-03 08:18:15</subfield>
    <subfield code="s">2025-11-14</subfield>
    <subfield code="w">2015-04-27</subfield>
    <subfield code="y">BK</subfield>
  </datafield>
  <datafield tag="952" ind1=" " ind2=" ">
    <subfield code="0">0</subfield>
    <subfield code="1">0</subfield>
    <subfield code="7">0</subfield>
    <subfield code="8">NFIC</subfield>
    <subfield code="a">MLCampus</subfield>
    <subfield code="b">MLCampus</subfield>
    <subfield code="c">GEN</subfield>
    <subfield code="d">2015-04-27</subfield>
    <subfield code="g">160.00</subfield>
    <subfield code="l">26</subfield>
    <subfield code="m">4</subfield>
    <subfield code="o">547 GUN</subfield>
    <subfield code="p">006094</subfield>
    <subfield code="r">2025-09-29 14:50:38</subfield>
    <subfield code="s">2025-09-15</subfield>
    <subfield code="w">2015-04-27</subfield>
    <subfield code="y">BK</subfield>
  </datafield>
  <datafield tag="952" ind1=" " ind2=" ">
    <subfield code="0">0</subfield>
    <subfield code="1">0</subfield>
    <subfield code="7">0</subfield>
    <subfield code="8">NFIC</subfield>
    <subfield code="a">IC</subfield>
    <subfield code="b">IC</subfield>
    <subfield code="c">GEN</subfield>
    <subfield code="d">2015-05-12</subfield>
    <subfield code="g">160.00</subfield>
    <subfield code="l">29</subfield>
    <subfield code="m">4</subfield>
    <subfield code="o">547 GUN</subfield>
    <subfield code="p">006089</subfield>
    <subfield code="r">2025-12-21 14:46:44</subfield>
    <subfield code="s">2025-12-02</subfield>
    <subfield code="w">2015-05-12</subfield>
    <subfield code="y">BK</subfield>
  </datafield>
  <datafield tag="952" ind1=" " ind2=" ">
    <subfield code="0">0</subfield>
    <subfield code="1">0</subfield>
    <subfield code="7">0</subfield>
    <subfield code="8">NFIC</subfield>
    <subfield code="a">MLCampus</subfield>
    <subfield code="b">MLCampus</subfield>
    <subfield code="c">GEN</subfield>
    <subfield code="d">2015-06-07</subfield>
    <subfield code="g">160.00</subfield>
    <subfield code="l">29</subfield>
    <subfield code="m">2</subfield>
    <subfield code="o">547 GUN</subfield>
    <subfield code="p">006090</subfield>
    <subfield code="r">2025-11-17 13:50:27</subfield>
    <subfield code="s">2025-11-02</subfield>
    <subfield code="w">2015-06-07</subfield>
    <subfield code="y">BK</subfield>
  </datafield>
  <datafield tag="952" ind1=" " ind2=" ">
    <subfield code="0">0</subfield>
    <subfield code="1">0</subfield>
    <subfield code="7">0</subfield>
    <subfield code="8">NFIC</subfield>
    <subfield code="a">MLCampus</subfield>
    <subfield code="b">MLCampus</subfield>
    <subfield code="c">GEN</subfield>
    <subfield code="d">2016-02-05</subfield>
    <subfield code="g">160.00</subfield>
    <subfield code="l">27</subfield>
    <subfield code="m">1</subfield>
    <subfield code="o">547 GUN</subfield>
    <subfield code="p">007029</subfield>
    <subfield code="r">2023-01-26 00:00:00</subfield>
    <subfield code="s">2023-01-06</subfield>
    <subfield code="w">2016-02-05</subfield>
    <subfield code="y">BK</subfield>
  </datafield>
  <datafield tag="952" ind1=" " ind2=" ">
    <subfield code="0">0</subfield>
    <subfield code="1">0</subfield>
    <subfield code="7">0</subfield>
    <subfield code="8">NFIC</subfield>
    <subfield code="a">MLCampus</subfield>
    <subfield code="b">MLCampus</subfield>
    <subfield code="c">GEN</subfield>
    <subfield code="d">2019-02-21</subfield>
    <subfield code="g">160.00</subfield>
    <subfield code="l">20</subfield>
    <subfield code="m">6</subfield>
    <subfield code="o">547 GUN</subfield>
    <subfield code="p">007357</subfield>
    <subfield code="r">2025-10-04 12:58:10</subfield>
    <subfield code="s">2025-09-06</subfield>
    <subfield code="w">2019-02-21</subfield>
    <subfield code="y">BK</subfield>
  </datafield>
  <datafield tag="952" ind1=" " ind2=" ">
    <subfield code="0">0</subfield>
    <subfield code="1">0</subfield>
    <subfield code="7">0</subfield>
    <subfield code="a">IC</subfield>
    <subfield code="b">IC</subfield>
    <subfield code="d">2023-04-20</subfield>
    <subfield code="g">160.00</subfield>
    <subfield code="l">0</subfield>
    <subfield code="o">547 GUN</subfield>
    <subfield code="p">006087</subfield>
    <subfield code="r">2023-04-20 00:00:00</subfield>
    <subfield code="w">2023-04-20</subfield>
    <subfield code="y">REF</subfield>
  </datafield>
  <datafield tag="952" ind1=" " ind2=" ">
    <subfield code="0">0</subfield>
    <subfield code="1">0</subfield>
    <subfield code="7">0</subfield>
    <subfield code="a">MLCampus</subfield>
    <subfield code="b">MLCampus</subfield>
    <subfield code="c">GEN</subfield>
    <subfield code="d">2024-06-08</subfield>
    <subfield code="g">160.00</subfield>
    <subfield code="l">5</subfield>
    <subfield code="m">1</subfield>
    <subfield code="o">547 GUN</subfield>
    <subfield code="p">007572</subfield>
    <subfield code="r">2025-11-07 11:40:28</subfield>
    <subfield code="s">2025-10-26</subfield>
    <subfield code="w">2024-06-08</subfield>
    <subfield code="y">BK</subfield>
  </datafield>
  <datafield tag="952" ind1=" " ind2=" ">
    <subfield code="0">0</subfield>
    <subfield code="1">0</subfield>
    <subfield code="7">0</subfield>
    <subfield code="8">NFIC</subfield>
    <subfield code="a">MLCampus</subfield>
    <subfield code="b">MLCampus</subfield>
    <subfield code="c">GEN</subfield>
    <subfield code="d">2024-06-15</subfield>
    <subfield code="g">160.00</subfield>
    <subfield code="l">3</subfield>
    <subfield code="m">1</subfield>
    <subfield code="o">547  BAN</subfield>
    <subfield code="p">007596</subfield>
    <subfield code="r">2025-11-16 16:01:33</subfield>
    <subfield code="s">2025-11-05</subfield>
    <subfield code="w">2024-06-15</subfield>
    <subfield code="y">BK</subfield>
  </datafield>
</record>
